Изменение форм нахождения химических элементов в донных осадках в местах фокусированной разгрузки метан-содержащих флюидов на шельфе морей Восточной Арктики; Проблемы геологии и освоения недр; Т. 1

Бібліографічні деталі
Parent link:Боев, А. С. (химик ; 1981-). Проблемы геологии и освоения недр=Problems of Geology and Subsurface Development: труды XXVII Международного молодежного научного симпозиума имени академика М.А. Усова, посвященного 160-летию со дня рождения академика В.А. Обручева и 140-летию академика М.А. Усова, основателям Сибирской горно-геологической школы, 3-7 апреля 2023 г., г. Томск/ Национальный исследовательский Томский политехнический университет, Инженерная школа природных ресурсов ; гл. ред. А. С. Боев ; под ред. Е. Ю. Пасечник.— .— Томск: Изд-во ТПУ, 2023
Т. 1.— 2023.— С. 40-42
Автор: Оберемок И. А. Ирина Андреевна
Співавтор: Национальный исследовательский Томский политехнический университет Инженерная школа природных ресурсов Отделение геологии
Інші автори: Гусева Н. В. Наталья Владимировна (научный руководитель)
Резюме:Заглавие с экрана
Текстовый файл
Мова:Російська
Опубліковано: 2023
Серія:Палеогеография и эволюция осадочных бассейнов
Предмети:
Онлайн доступ:http://earchive.tpu.ru/handle/11683/77818
Формат: MixedMaterials Електронний ресурс Частина з книги
KOHA link:https://koha.lib.tpu.ru/cgi-bin/koha/opac-detail.pl?biblionumber=671047

MARC

LEADER 00000naa2a2200000 4500
001 671047
005 20250428164836.0
090 |a 671047 
100 |a 20240103d2023 k||y0rusy50 ca 
101 0 |a rus 
102 |a RU 
135 |a drcn ---uucaa 
200 1 |a Изменение форм нахождения химических элементов в донных осадках в местах фокусированной разгрузки метан-содержащих флюидов на шельфе морей Восточной Арктики  |f Оберемок И. А.   |g науч. рук. Гусева Н. В. ; Инженерная школа природных ресурсов НИ ТПУ 
225 1 |a Палеогеография и эволюция осадочных бассейнов 
300 |a Заглавие с экрана 
320 |a Библиография: с. 42 
336 |a Текстовый файл 
461 1 |0 669747  |t Проблемы геологии и освоения недр  |l Problems of Geology and Subsurface Development  |o труды XXVII Международного молодежного научного симпозиума имени академика М.А. Усова, посвященного 160-летию со дня рождения академика В.А. Обручева и 140-летию академика М.А. Усова, основателям Сибирской горно-геологической школы, 3-7 апреля 2023 г., г. Томск  |f Национальный исследовательский Томский политехнический университет, Инженерная школа природных ресурсов ; гл. ред. А. С. Боев ; под ред. Е. Ю. Пасечник  |d 2023  |9 669747  |a Боев, А. С. (химик ; 1981-)  |c Томск  |n Изд-во ТПУ 
463 1 |0 669758  |t Т. 1  |v С. 40-42  |d 2023  |9 669758  |u conference_tpu-2023-C11_V1.pdf 
610 1 |a труды учёных ТПУ 
610 1 |a электронный ресурс 
610 1 |a химические элементы  
610 1 |a донные осадки  
610 1 |a метан-содержащие флюиды  
610 1 |a Восточная Арктика 
700 1 |a Оберемок  |b И. А.  |c специалист в области экологии и природопользования  |c инженер Томского политехнического университета  |f 1997-  |g Ирина Андреевна  |9 22442 
702 1 |a Гусева  |b Н. В.  |c гидрогеолог  |c профессор Томского политехнического университета, доктор геолого-минералогических наук  |f 1984-  |g Наталья Владимировна  |4 727  |9 12650 
712 0 2 |a Национальный исследовательский Томский политехнический университет  |b Инженерная школа природных ресурсов  |b Отделение геологии  |3 (RuTPU)RU\TPU\col\23542  |9 28339 
801 0 |a RU  |b 63413507  |c 20240103  |g RCR 
850 |a 63413507 
856 4 |u http://earchive.tpu.ru/handle/11683/77818  |z http://earchive.tpu.ru/handle/11683/77818 
942 |c CF